Over or Under Two Hours? Quiz Stats

Quiz Updated Jan 12, 2013

Challenge
Share
Tweet
Embed
Score 0/32 Timer 03:00
0 Plays Today
Movie Over or Under 2 Hrs? % Correct
Gone with the Wind???
93.6%
Toy Story???
91.4%
Inception???
90.5%
Forrest Gump???
85.2%
A Christmas Story???
84.9%
Gladiator???
84.4%
Caddyshack???
83.9%
Apocalypse Now???
81.8%
The Breakfast Club???
81.8%
Groundhog Day???
81.2%
Little Miss Sunshine???
72.2%
Psycho???
71.3%
Singin' in the Rain???
71.1%
Pulp Fiction???
69.9%
Edward Scissorhands???
69.4%
The Maltese Falcon???
68.8%
Movie Over or Under 2 Hrs? % Correct
The Graduate???
68%
A Clockwork Orange???
66.6%
Casino Royale???
66%
The Sixth Sense???
64.1%
The Shining???
63.3%
X-Men???
60.2%
The Terminator???
57.5%
Reservoir Dogs???
55.2%
Mystic River???
48.7%
Casablanca???
44.9%
Black Swan???
44.5%
Wizard of Oz???
44.4%
Rain Man???
44.4%
Dr. Strangelove???
42.9%
The Bourne Supremacy???
42%
Die Hard???
34%

You're not logged in!

Compare scores with friends on all Sporcle quizzes.
Sign Up with Email
OR
Log In

You Might Also Like...

Show Comments

Extras

Top Quizzes Today


Score Distribution

Your Account Isn't Verified!

In order to create a playlist on Sporcle, you need to verify the email address you used during registration. Go to your Sporcle Settings to finish the process.